| 000 | 00561nam a2200193 4500 | ||
|---|---|---|---|
| 999 |
_c513 _d513 |
||
| 001 | 706 | ||
| 005 | 20190813100856.0 | ||
| 008 | 190813b ||||| |||| 00| 0 eng d | ||
| 020 | 0 | 0 | _a999361078 |
| 090 | 0 | 0 | _a294.39230901 |
| 100 | 0 | 0 | _aRinchen, Gyeduen. |
| 245 | 0 | 0 |
_aལྷོ་འབྲུག་ཆོས་འབྱུང་། _cGyeduen Rinchen. |
| 246 | _a[History of Buddhism]. | ||
| 260 | 0 | 0 |
_aThimphu : _bKMT Publishing House, _c2005 |
| 300 | 0 | 0 | _axxv, 491 p. |
| 500 | 0 | 0 | _aIn Dzongkha |
| 650 | 0 | 0 | _aBuddhism --Bhutan --History. |
| 942 |
_2ddc _cDZONGKHA |
||